| LEADER |
01087nam0a2200217 450 |
| 001 |
16868131 |
| 010 |
|
|
|a 978-2-07-520463-7
|b br.
|d 21
|
| 100 |
|
|
|a 20240219d2024 u u0frey01 ba
|
| 101 |
0 |
|
|a fre
|
| 102 |
|
|
|a FR
|
| 200 |
0 |
|
|a liberté (La)
|f Timothée de Fombelle
|g illustré par François Place
|
| 207 |
|
1 |
|a
|
| 215 |
|
|
|a 1 vol. (480 p.)
|c illustrations en noir et blanc
|d 23 x 16 cm
|
| 225 |
1 |
|
|v 3
|
| 330 |
|
|
|a En juillet 1789, Alma, Joseph et Sirim débarquent d'Angleterre en pleine insurrection parisienne. Ils sont propulsés dans la prise de la Bastille, mais leurs quêtes respectives les séparent à nouveau. Alma cherche à rejoindre la Louisiane car son petit frère Lam y a été vendu, tandis que Joseph s'approche du trésor d'or pur qu'il convoite. Electre 2024
|
| 461 |
|
0 |
|t Alma
|v 3
|
| 700 |
|
0 |
|a Fombelle
|b Timothée de
|f 1973-....
|4 70
|
| 702 |
|
0 |
|a Place
|b François
|c auteur-illustrateur
|f 1957-....
|4 440
|
| 900 |
|
|
|a Roman (jeunesse)
|
| 901 |
|
|
|a Jeunesse
|
| 995 |
|
|
|a Médiathèque
|c Médiathèque
|f 00156008865602
|h 00156008865602
|k J FOM ALM 3
|o p
|q j
|r az
|e Médiathèque
|